00606 2200217 4500001002100000005001500021035002000036008004100056245007900097100002400176250001000200260004000210300003600250084001800286082001100304650001800315020001800333700001500351990001100366990001100377INLIS00000000001179820220616021146 a0010-0622000308220616 a 0 ind 1 aAku Anak Saleh :bBelajar Shalat /cDewanti Nurcahyani; editor, Arliansyah aDEWANTI, Nurcahyani acet.1 aJakarta :bCerdas Interaktif,c2019 a11 hal. :bilus. ;c14 x 20 cm. a297.412 DEW a a297412 4aISLAM. SHALAT a97897978868750 aARLIANSYAH a7685 a a7685 b